000 00539nam a2200181Ia 4500
005 20250508153351.0
008 008 250505s9999 xx 000 0 eng d
037 _aBooks to be hide in OPAC
040 _aFEDL
_beng
_cFEDL
041 _aeng
_2eng
084 _a370.5, UNI/O
_qFEDL
100 _aTolliver Wayne E
_9763783
245 0 _aEnrollment for advanced degrees fall 1959
245 0 _cU S Department of Health, Education, and Welfare
300 _a138p.
942 _cHB
_h370.5, UNI/O
999 _c1342343
_d1342343